| 000 | 01008nas a2200325 4500 | ||
|---|---|---|---|
| 001 | BR2017001675 | ||
| 003 | BR-BrBNA | ||
| 005 | 20231205131001.0 | ||
| 007 | ta | ||
| 008 | 230509b bl.|||p| |||| 00| 00por d | ||
| 040 |
_aBR-BrBNA _bpor _cBiblioteca Nacional de Agricultura |
||
| 041 | _a(Pt) | ||
| 072 | _aF04; K10 | ||
| 100 | 1 | _aAmaral, P.P. | |
| 100 | 1 | _aSteffen, G.P.K. | |
| 100 | 1 | _aMaldaner, J. | |
| 100 | 1 | _aMissio, E.L. | |
| 100 | 1 | _aSaldanha, C.W. | |
| 245 | 1 | _aPromotores de crescimento na propagação de caroba | |
| 650 | _aJACARANDÁ MICRANTHA | ||
| 650 | _aCAROBA BRANCA | ||
| 650 | _aÁRVORE ANGIOSPERMA | ||
| 650 | _aSUBSTRATO DE CULTURA | ||
| 650 | _aMUDA | ||
| 650 | _aFATOR DE CRESCIMENTO | ||
| 773 | 0 |
_tPesquisa Florestal Brasileira (Brazil) _xISSN 1983-2605 _g(Apr-Jun 2017), v. 37(90) p. 149-157 _wBR2017001675 |
|
| 856 | 4 | 0 | _uhttp://pfb.cnpf.embrapa.br/pfb/index.php/pfb/article/view/1402/569 |
| 909 |
_a202311 _bLúcia _c55 _dLúcia Elande |
||
| 942 |
_2AGRIS _n0 _cANA |
||
| 999 |
_c252427 _d252427 |
||